000 00887nam a2200217Ii 4500
003 JO-AjNU
008 230605s9999||||xx |||||||||||||| ||und||
017 _a1429/503
020 _a978-9960-59-336-4
040 _aJO-AjNU
_bara
_erda
_cJO-AjNU
041 _aara
050 1 4 _aDS248.M4.R34 2009
100 3 _aتاليف رالي، اغسطس ؛ ترجمة حسن سعيد غزالة ؛ مراجعة وتعليق: محمد محمود السرياني ، معراج نواب مزرا,
_eauthor
_956909
245 0 0 _aمكة المكرمة في عيون رحالة نصارى
264 3 1 _aالرياض: دارة الملك عبد العزيز، 2009
300 _a314ص
_bالكشاف العام ص 289-300
336 _atext
_btxt
_2rdacontent
337 _aunmediated
_bn
_2rdamedia
338 _avolume
_bnc
_2rdacarrier
650 4 _aمكة المكرمة- وصف رحلات
_956910
999 _aA25471
_c29039
_d29039